000 01080cad a22002295a 4500
001 E153315
008 110711s2011 xxk f 000 0 eng d
020 _a9781780452722
022 1 _a2045-6964
035 _a(Sirsi) u153315
041 0 _aeng
100 1 _aBretherton, Joanne
245 0 0 _aReasonable preference in social housing
_h[electronic resource]
300 _aEdinburgh
_bScottish Government
_c2011
520 _aConsiders the concept of "reasonable preference" which is used by social landlords in the allocation of housing. "Reasonable preference" can be given to those who are at risk of homelessness, who have large familities, or whose current accommodation is not of a reasonable standard. Looks at whether these considerations reflect current needs.
590 _aKA
651 4 _aScotland
_y1999-
690 _aPROPERTY-RESIDENTIAL PROPERTY-DOMESTIC RESIDENTIAL PROPERTY-HOUSING
700 1 _aPleace, Nicholas
856 4 0 _uhttps://www.scotland.gov.uk/Publications/2011/07/04145632/0
_zView the item free of charge at www.scotland.gov.uk
942 _n0
999 _c112468
_d112468